It looks like you're offline.
Open Library logo
additional options menu

MARC Record from Library of Congress

Record ID marc_loc_2016/BooksAll.2016.part11.utf8:67761796:856
Source Library of Congress
Download Link /show-records/marc_loc_2016/BooksAll.2016.part11.utf8:67761796:856?format=raw

LEADER: 00856cam a2200253 i 4500
001 78053852
003 DLC
005 19850204000000.0
008 780714s1978 nyu b 00110 eng
010 $a 78053852
020 $a0892560711 :$c$10.95
050 0 $aBS534$b.G56 1978
082 $a236
100 10 $aGladden, Lee.
245 10 $aHeirs of the gods :$ba space age interpretation of the Bible /$cby Lee Gladden and Vivianne Cervantes Gladden.
250 $a1st ed.
260 0 $aNew York :$bRawson, Wade Publishers,$cc1978.
300 $axi, 324 p. ;$c22 cm.
504 $aIncludes bibliographical references and index.
630 00 $aBible$xMiscellanea.
650 0 $aCivilization, Ancient$xExtraterrestrial influences.
650 0 $aLife on other planets.
650 0 $aReligion and astronautics.
700 10 $aGladden, Vivianne Cervantes,$ejoint author.